[Event "Tata Steel India Rapid"]
[Site "Kolkata IND"]
[Date "2022.11.30"]
[Round "4.3"]
[White "Nakamura, Hi"]
[Black "Mamedyarov, S."]
[Result "1-0"]
[WhiteElo "2768"]
[BlackElo "2741"]
[PlyCount "93"]
[EventDate "2022.11.29"]
[EventType "rapid"]

1. Nf3 Nf6 2. e3 g6 3. b3 Bg7 4. Bb2 c5 5. c4 O-O 6. Be2 b6 7. O-O Bb7 8. Qc2 Nc6 9. Rd1 ({RR} 9. a3 d5 10. cxd5 Nxd5 11. d3 e5 12. Nbd2 Qd7 13. Rfd1 Rfe8 14. Rac1 Rad8 15. Qb1 f5 16. Bf1 h6 17. g3 g5 18. e4 Nc7 19. b4 cxb4 20. axb4 Ne6 21. exf5 Ned4 22. Bxd4 Nxd4 23. Nxd4 exd4 {Nagare,A (2245)-Gasland,L (1905) Fagernes NOR 2024 1-0 (61)}) 9... d5 10. cxd5 Nb4 11. Qc1 Qxd5 $146 ({RR} 11... Rc8 12. Nc3 Nbxd5 13. a3 a6 14. d3 Qd7 15. Na4 Qd6 16. e4 Nf4 17. Bf1 Nd7 18. Bxg7 Kxg7 19. Qb2+ e5 20. d4 exd4 21. Nxd4 Qf6 22. Nf5+ gxf5 23. Rxd7 Qxb2 24. Nxb2 Bxe4 25. Bxa6 Rcd8 26. Rxd8 {Gronn,A (2409)-Tjoelsen,K (2225) Oslo 2011 0-1 (42)}) 12. Nc3 Qf5 13. d4 Rac8 14. dxc5 Bxf3 15. Bxf3 Nd3 16. e4 Qxf3 17. gxf3 Nxc1 18. Raxc1 Rxc5 19. Ba3 Rg5+ 20. Kf1 Re8 21. Rc2 Rh5 22. Kg1 Bf8 23. Ne2 Ra5 24. Bb4 Rb5 25. Bd2 Rc5 26. Rxc5 bxc5 27. Bc3 Rc8 28. e5 Ne8 29. Rd7 a6 30. Ra7 Rc6 31. Ra8 Ng7 32. Nf4 e6 33. Ng2 Nf5 34. Ne3 Nxe3 35. fxe3 Kg7 36. Kf2 c4 37. b4 Be7 38. Ke2 h5 39. Rb8 g5 40. h3 Kg6 41. a4 Rc7 42. Rb6 Rd7 43. Rc6 Kf5 44. Rxc4 Rb7 45. Kd3 Bf8 46. a5 Be7 47. Kc2 1-0

[Event "Tata Steel India Rapid"]
[Site "Kolkata IND"]
[Date "2022.11.30"]
[Round "5.1"]
[White "Gukesh, D."]
[Black "Abdusattorov, Nodirbek"]
[Result "1-0"]
[WhiteElo "2725"]
[BlackElo "2713"]
[PlyCount "111"]
[EventDate "2022.11.29"]
[EventType "rapid"]

1. Nf3 Nf6 2. g3 c5 3. Bg2 Nc6 4. c4 d5 5. cxd5 Nxd5 6. O-O e5 7. Nc3 Nc7 8. a3 f6 9. e3 Be7 10. d4 cxd4 11. exd4 exd4 12. Ne2 Ne6 13. b4 O-O 14. Bb2 d3 15. Nc1 Nc7 $146 ({RR} 15... Qb6 16. Nxd3 a5 17. Nh4 Rd8 18. Qh5 axb4 19. axb4 Rxa1 20. Bxa1 Ng5 21. Nf4 Nxb4 22. Bc3 Qb5 23. Rd1 Rxd1+ 24. Qxd1 Nc6 25. Bd5+ Nf7 26. Qh5 Qb1+ 27. Kg2 Ncd8 28. Qe2 Kf8 29. Be4 Qb3 30. Bxh7 {Mandetta,J (2357)-Di Berardino,D (2516) Florianopolis 2018 0-1 (38)}) 16. Nxd3 Bf5 17. Qb3+ Kh8 18. Nf4 Qe8 19. b5 Nd8 20. Nh4 Be6 21. Nxe6 Ndxe6 22. Rfe1 Qf7 23. Rxe6 Qxe6 24. Qxe6 Nxe6 25. Re1 Bc5 26. Rxe6 Rae8 27. Rxe8 Rxe8 28. Kf1 Rd8 29. Ke2 Re8+ 30. Kd3 b6 31. Be4 Bxf2 32. Nf3 Kg8 33. g4 Kf7 34. a4 g6 35. Bd5+ Ke7 36. Nd4 Kd6 37. Be4 Ke5 38. Ne2+ Ke6 39. Nf4+ Kf7 40. Bd5+ Ke7 41. Ba3+ Bc5 42. Bxc5+ bxc5 43. Bc6 Rf8 44. a5 Kd6 45. Kc4 f5 46. g5 Ke5 47. Nd3+ Kd6 48. Nxc5 f4 49. Ne4+ Ke5 50. b6 axb6 51. a6 Rf7 52. Bb7 b5+ 53. Kb4 f3 54. a7 Rf8 55. a8=Q Rxa8 56. Bxa8 1-0

[Event "Tata Steel India Blitz"]
[Site "Kolkata IND"]
[Date "2022.12.03"]
[Round "1.1"]
[White "Praggnanandhaa, R."]
[Black "So, W."]
[Result "1-0"]
[WhiteElo "2684"]
[BlackElo "2760"]
[PlyCount "73"]
[EventDate "2022.12.03"]
[EventType "blitz"]

1. Nf3 c5 2. g3 Nc6 3. Bg2 g6 4. c3 Bg7 5. d4 cxd4 6. cxd4 d5 7. Nc3 Nf6 8. Ne5 O-O 9. Nxc6 bxc6 10. O-O Bf5 11. Bf4 Nh5 12. Bg5 ({RR} 12. Be3 c5 13. Nxd5 e6 14. Nf4 cxd4 15. Nxh5 gxh5 16. Bf4 e5 17. Bd2 Rb8 18. b4 h4 19. Rc1 h3 20. Bc6 Bd7 21. Qa4 Bxc6 22. Qxc6 Rb6 23. Qf3 Qd7 24. Rc5 Qe6 25. a3 e4 26. Qh5 Ra6 {Nepomniachtchi,I (2766)-Vachier Lagrave,M (2760) Zagreb 2022 0-1 (36)}) 12... h6 13. Be3 c5 14. Nxd5 $146 ({RR} 14. h3 Be6 15. g4 cxd4 16. Bxd4 Nf6 17. Rb1 Rc8 18. Bxf6 Bxf6 19. Nxd5 Qa5 20. a4 Bxd5 21. b4 Bxg2 22. bxa5 Bxh3 23. Rb4 Rfd8 24. Rc4 Rb8 25. Qc1 Bxf1 26. Kxf1 Kg7 27. e3 Rb2 28. Rc2 Rb4 {Fridman,D (2590)-Vachier Lagrave,M (2728) Karlsruhe GER 2024 ½-½ (31)}) ({RR} 14. Qd2 e5 15. Bxh6 cxd4 16. Nxd5 Bxh6 17. Qxh6 e4 18. Nf4 Nxf4 19. Qxf4 Qb8 20. Qxb8 Raxb8 21. Rfd1 Rfd8 22. b3 Rbc8 23. Rd2 e3 24. Rb2 Rc3 25. h3 d3 26. exd3 Rdxd3 27. fxe3 Rxe3 28. g4 Be4 {So,W (2751)-Vachier Lagrave,M (2721) Saint Louis USA 2024 ½-½ (42)}) 14... e6 15. Nf4 Nxf4 16. Bxf4 cxd4 17. Bxa8 Qxa8 18. f3 e5 19. Bd2 e4 20. Rc1 e3 21. Bb4 Rb8 22. Ba3 d3 23. g4 Bxb2 24. gxf5 Bxa3 25. Rc3 dxe2 26. Qxe2 Bb4 27. Rb3 Ba5 28. fxg6 fxg6 29. Qc4+ Kh8 30. Qd4+ Kh7 31. Qd7+ Kh8 32. Qd4+ Kh7 33. Qd7+ Kh8 34. Qe6 Rxb3 35. axb3 Qf8 36. Qe5+ Kh7 37. Qxa5 1-0

[Event "Tata Steel India Blitz"]
[Site "Kolkata IND"]
[Date "2022.12.03"]
[Round "2.2"]
[White "Nakamura, Hi"]
[Black "So, W."]
[Result "1-0"]
[WhiteElo "2768"]
[BlackElo "2760"]
[PlyCount "79"]
[EventDate "2022.12.03"]
[EventType "blitz"]

1. Nf3 c5 2. e3 Nf6 3. d4 d5 4. c4 cxd4 5. Nxd4 e5 6. Nf3 Nc6 7. cxd5 Qxd5 ({RR} 7... Bb4+ 8. Bd2 Nxd5 9. Be2 e4 10. Nd4 Nxd4 11. Bxb4 Nxe2 12. Qxe2 Nxb4 13. Qb5+ Nc6 14. Nc3 O-O 15. Rd1 Qe7 16. O-O Qb4 17. Qxb4 Nxb4 18. a3 Nc6 19. Nxe4 Be6 20. b4 Ne5 21. Nc5 Bc4 22. Rfe1 {De Polzer,M (1621)-Bruns,E (1927) Rottach-Egern GER 2025 0-1 (38)}) 8. Bd2 $146 ({RR} 8. Qxd5 Nxd5 9. Bb5 Ndb4 10. Na3 a6 11. Bc4 b5 12. Bb3 Bg4 13. h3 Bxf3 14. gxf3 Be7 15. Nc2 Nd3+ 16. Ke2 Nxc1+ 17. Raxc1 O-O 18. a3 Rac8 19. Rhd1 Bf6 20. Ne1 Na5 21. Ba2 Nc4 {½-½ (21) Minor,S-Hellenkamp,A Griesheim 2003}) ({RR} 8. Nc3 Qxd1+ 9. Nxd1 e4 10. Nd2 Nb4 11. Bb5+ Bd7 12. Bxd7+ Kxd7 13. Ke2 Bd6 14. Nc3 Rhe8 15. Nc4 Rac8 16. b3 Be5 17. Rd1+ Ke6 18. Bd2 Bxc3 19. Bxc3 Nd3 20. Bxf6 gxf6 21. Rd2 b5 22. Na3 Rc5 {Adly,A (2460)-Nisipeanu,L (2695) Turin 2006 0-1 (55)}) 8... Ne4 9. Nc3 Nxc3 10. Bxc3 Qxd1+ 11. Rxd1 f6 12. Bc4 Bb4 13. Bxb4 Nxb4 14. a3 Nc6 15. Rc1 Ke7 16. Bd5 Bd7 17. b4 Rhc8 18. Ke2 a5 19. b5 Nd8 20. a4 Be6 21. Bxe6 Nxe6 22. Nd2 Nc5 23. Rc4 Nd7 24. Rhc1 Rxc4 25. Rxc4 Kd8 26. Rg4 g5 27. Nb3 h5 28. Re4 Nb6 29. g4 Ke7 30. h4 gxh4 31. gxh5 h3 32. Rh4 Kf7 33. Nc5 Rb8 34. h6 Kg8 35. Rxh3 Kh7 36. Kf3 Nd5 37. Ke4 Nc3+ 38. Kf5 b6 39. Nd7 Rb7 40. Nxf6+ 1-0

[Event "Tata Steel India Blitz"]
[Site "Kolkata IND"]
[Date "2022.12.03"]
[Round "3.2"]
[White "Praggnanandhaa, R."]
[Black "Maghsoodloo, Parham"]
[Result "1-0"]
[WhiteElo "2684"]
[BlackElo "2719"]
[PlyCount "76"]
[EventDate "2022.12.03"]
[EventType "blitz"]

1. Nf3 {Besenthal,Klaus Guenter} d5 2. g3 c6 3. Bg2 Bg4 4. O-O Nd7 5. h3 Bh5 6. d3 e5 7. c4 dxc4 8. dxc4 Ngf6 9. Nc3 Bc5 ({RR} 9... Be7 10. Nh4 O-O 11. b3 Qc7 12. Nf5 Bb4 13. Bb2 Rfd8 14. Qc2 Bg6 15. e4 Bf8 16. Nh4 Nc5 17. Rad1 a5 18. Nxg6 hxg6 19. Ne2 Ne6 20. Qc3 Nd7 21. h4 Bb4 22. Qc2 Bc5 23. Bh3 Ndf8 24. Kg2 {Praggnanandhaa,R (2727)-Gukesh,D (2758) Kolkata IND 2023 1-0 (50)}) 10. Nh4 O-O 11. Qc2 $146 ({RR} 11. Na4 Qc7 12. Bg5 Be7 13. Nf5 Bd8 14. c5 Bg6 15. e4 b5 16. cxb6 axb6 17. Be3 b5 18. Nc3 b4 19. Na4 Bxf5 20. exf5 e4 21. b3 Nd5 ({RR} 21... Qe5) 22. Bd4 N7f6 ({RR} 22... e3 23. Bxd5 cxd5 24. Bxe3 Qe5 25. Qd3) 23. Re1 Qc8 24. Rc1 Qxf5 25. Rxc6 h5 {Kozul,Z (2602)-Postny,E (2670) Zadar 2015 EXT 2017 [Besenthal,Klaus Guenter] 1-0 (57)}) 11... Re8 12. b3 Bg6 13. Nxg6 hxg6 14. Bb2 Qe7 15. Rad1 Rad8 16. e3 Ba3 17. Ba1 Bb4 18. Ne4 Nxe4 19. Bxe4 f5 20. Bf3 e4 21. Be2 Bd6 22. Bd4 c5 23. Bc3 Be5 24. Rd5 Bxc3 25. Qxc3 Nf6 26. Rxd8 Rxd8 27. a3 b6 28. b4 g5 29. Rb1 Qc7 30. bxc5 bxc5 31. Rb5 f4 32. exf4 gxf4 33. gxf4 Qxf4 34. Qe3 Qxe3 35. fxe3 Rd2 36. Kf1 Rc2 37. Ra5 Nd7 38. Ke1 Ra2 1-0

[Event "Tata Steel India Blitz"]
[Site "Kolkata IND"]
[Date "2022.12.03"]
[Round "5.5"]
[White "Gukesh, D."]
[Black "Abdusattorov, Nodirbek"]
[Result "1-0"]
[WhiteElo "2725"]
[BlackElo "2713"]
[PlyCount "58"]
[EventDate "2022.12.03"]
[EventType "blitz"]

1. Nf3 d5 2. g3 Nf6 3. Bg2 c5 4. O-O Nc6 5. d4 cxd4 6. Nxd4 e5 7. Nxc6 bxc6 8. c4 Rb8 9. Bg5 Be7 10. Nc3 O-O 11. Bxf6 Bxf6 12. cxd5 cxd5 13. Nxd5 Rxb2 14. Qa4 Rxe2 $146 ({RR} 14... Be6 15. Nxf6+ Qxf6 16. Qxa7 Rxe2 17. a4 e4 18. Rae1 Bc4 19. Rxe2 Bxe2 20. Re1 Bf3 21. Bxf3 exf3 22. Qc5 h6 23. h3 Rd8 24. Kh2 Rd2 25. Re4 Qg6 26. Rf4 Qd3 27. Qa7 Qd5 28. Qe3 g5 29. Rxf3 {Webersberger,J (2362)-Ivanisevic,I (2656) Warsaw 2016 ½-½ (43)}) 15. Rad1 Bg5 16. h4 Bh6 17. Qxa7 Kh8 18. a4 Qe8 19. Qc5 g6 20. a5 e4 21. Nc7 Qa4 22. Ra1 Qb3 23. a6 e3 24. a7 exf2+ 25. Kh2 Re3 26. a8=Q Rxg3 27. Qe5+ Bg7 28. Qxg3 Qb4 29. Nd5 Qd4 1-0

[Event "Tata Steel India Blitz"]
[Site "Kolkata IND"]
[Date "2022.12.03"]
[Round "6.5"]
[White "Nakamura, Hi"]
[Black "Maghsoodloo, Parham"]
[Result "1-0"]
[WhiteElo "2768"]
[BlackElo "2719"]
[PlyCount "133"]
[EventDate "2022.12.03"]
[EventType "blitz"]

1. Nf3 c5 2. g3 Nc6 3. d4 ({RR} 3. e3 g6 4. Bg2 Bg7 5. O-O e5 6. d3 Nge7 7. Nc3 O-O 8. Rb1 h6 9. b3 d6 10. Bb2 Be6 11. Ne2 d5 12. d4 e4 13. Ne1 cxd4 14. Nxd4 Nxd4 15. Bxd4 Bxd4 16. Qxd4 Nc6 17. Qd2 f5 {Zhizmer,Y (2634)-Stojanovski,S (2442) Chess.com 2024 1-0 (41)}) 3... d5 ({RR} 3... g6 4. d5 Nb4 5. c3 Na6 6. Bg2 Bg7 7. O-O d6 8. e4 Nf6 9. e5 dxe5 10. Nxe5 O-O 11. Re1 Nc7 12. c4 e6 13. Nc3 exd5 14. cxd5 Nce8 15. Be3 Qa5 16. Qa4 Qb6 17. Nc4 Qb4 18. Qxb4 {Shandrygin,N (2209)-Charyyev,I (2080) chess.com INT 2025 1-0 (43)}) 4. e3 Nf6 5. Bg2 cxd4 $146 ({RR} 5... b6 6. O-O e6 7. c4 cxd4 8. cxd5 exd5 9. Nxd4 Nxd4 10. Qxd4 Bc5 11. Qe5+ Qe7 12. Qxe7+ Kxe7 13. Nc3 Bb7 14. Rd1 Rhd8 15. Bd2 Rac8 16. Rac1 Kf8 17. Be1 a6 18. a3 b5 19. b4 {½-½ (19) Martin Perez,F (1785)-Suarez Buceta,M (1686) Gran Canaria 2015}) 6. exd4 Bf5 7. O-O e6 8. c3 Bd6 9. Re1 O-O 10. Nbd2 b5 11. Nb3 h6 12. Ne5 Qc7 13. Bf4 a5 14. a4 b4 15. Rc1 Qb7 16. c4 Rfc8 17. Nxc6 Rxc6 18. Bxd6 Rxd6 19. c5 Rdd8 20. Qe2 Qc7 21. Qb5 Rdb8 22. Qe2 Qc6 23. Ra1 Be4 24. Bf1 Nd7 25. f3 Bg6 26. Qd2 Rb7 27. Rec1 Nb8 28. Bb5 Rxb5 29. axb5 Qxb5 30. c6 Nxc6 31. Rc5 Qb6 32. Rac1 Ne7 33. Qe2 a4 34. Rb5 Qa7 35. Nc5 Nc6 36. Rb7 Qa5 37. Nxe6 a3 38. bxa3 bxa3 39. Rb5 Qa7 40. Rbc5 a2 41. Ra1 Nxd4 42. Qxa2 Qxa2 43. Rxa2 Nxf3+ 44. Kh1 Rb8 45. Rb2 Re8 46. Nf4 Be4 47. Kg2 g5 48. Nxd5 Kg7 49. Nc7 Rd8 50. Kf2 Nxh2 51. Ke3 Nf1+ 52. Kxe4 Nxg3+ 53. Kf3 Rd3+ 54. Kg2 Ne4 55. Ne8+ Kg6 56. Rb6+ f6 57. Rcc6 Rg3+ 58. Kf1 h5 59. Ke2 Nc3+ 60. Kf2 Ne4+ 61. Ke2 Nc3+ 62. Kf1 Ne4 63. Re6 Rf3+ 64. Ke2 Rf4 65. Ke3 h4 66. Rxe4 Rf1 67. Rxf6+ 1-0

[Event "Tata Steel India Blitz"]
[Site "Kolkata IND"]
[Date "2022.12.03"]
[Round "7.4"]
[White "Praggnanandhaa, R."]
[Black "Vidit, S."]
[Result "1-0"]
[WhiteElo "2684"]
[BlackElo "2730"]
[PlyCount "89"]
[EventDate "2022.12.03"]
[EventType "blitz"]

1. Nf3 Nf6 2. g3 c5 3. Bg2 Nc6 4. O-O e5 5. e4 d6 6. c3 Be7 7. d4 cxd4 8. cxd4 Bg4 9. Be3 ({RR} 9. d5 Nd4 10. Be3 Nxe4 11. Bxd4 exd4 12. Qxd4 Nf6 13. Nc3 O-O 14. Rfe1 Re8 15. a4 a6 16. h3 Bf5 17. g4 Bg6 18. Nd2 Nd7 19. f4 Bf6 20. Rxe8+ Qxe8 21. Qf2 h5 22. g5 Bxc3 23. bxc3 Bf5 {Saric,I (2690)-Vidit,S (2720) Zagreb CRO 2024 1-0 (42)}) 9... d5 ({RR} 9... h5 10. d5 Nd4 11. Bxd4 exd4 12. Qxd4 Nd7 13. Nbd2 Bf6 14. Qe3 O-O 15. Nc4 Nb6 16. Rac1 Nxc4 17. Rxc4 Qb6 18. Qxb6 axb6 19. a4 Bxb2 20. Rb1 Ba3 21. h3 Rfc8 22. Rxc8+ Bxc8 23. e5 Bc5 24. exd6 {Grandelius,N (2644)-Sokolovsky,Y (2545) Eforie Nord ROU 2025 ½-½ (34)}) 10. exd5 $146 ({RR} 10. dxe5 Nxe5 11. exd5 Nxf3+ 12. Bxf3 Bxf3 13. Qxf3 Qxd5 14. Kg2 Qxf3+ 15. Kxf3 Nd5 16. Bd4 f6 17. Nc3 Nxc3 18. Bxc3 Kf7 19. Rfd1 Rhd8 20. g4 g6 21. Bd4 a6 22. Bb6 Rxd1 23. Rxd1 Ke6 24. Rc1 Bd6 {Yuffa,D (2587)-Narayanan,S (2673) Jerusalem ISR 2022 ½-½}) 10... Nxd5 11. Qb3 Nxe3 12. fxe3 O-O 13. Qxb7 Rc8 14. Nxe5 Nxe5 15. dxe5 Bc5 16. Nc3 Bxe3+ 17. Kh1 Rb8 18. Qe4 Qd4 19. Rf4 Qd2 20. Rxg4 Qxb2 21. Re1 Bd2 22. Nd5 Kh8 23. Rf1 Qxa2 24. Ne7 Rbe8 25. Nf5 g6 26. Nd6 Re7 27. Qd4 Kg8 28. Bd5 Qc2 29. Nxf7 Bc3 30. Qf2 Qxf2 31. Rxf2 Kg7 32. e6 a5 33. Rc4 Bb4 34. Rfc2 Rb8 35. Rc7 a4 36. Rxe7 Bxe7 37. Rc7 Kf6 38. Ra7 a3 39. Nh6 Bc5 40. Ra5 Bd6 41. Ng4+ Ke7 42. Ra7+ Bc7 43. Rxc7+ Kd6 44. Rd7+ Kc5 45. e7 1-0

[Event "Tata Steel India Blitz"]
[Site "Kolkata IND"]
[Date "2022.12.04"]
[Round "10.4"]
[White "So, W."]
[Black "Praggnanandhaa, R."]
[Result "1-0"]
[WhiteElo "2760"]
[BlackElo "2684"]
[PlyCount "71"]
[EventDate "2022.12.03"]
[EventType "blitz"]

1. b3 d5 2. Nf3 Bf5 3. Bb2 e6 4. d3 Nf6 5. g3 h6 6. Bg2 Be7 7. O-O O-O 8. Nbd2 Bh7 9. Ne5 Nbd7 10. e4 ({RR} 10. Ndf3 Nxe5 11. Nxe5 Nd7 12. c4 Nxe5 13. Bxe5 c6 14. Bh3 Bf6 15. Bxf6 Qxf6 16. Qc2 Bf5 17. Bg2 Rac8 18. c5 b6 19. Rab1 Qe7 20. Rfc1 Rc7 21. b4 Rb8 22. Rb3 bxc5 23. Qxc5 Qxc5 24. Rxc5 Rb5 {Soderberg,K (1944)-Karlinder,L (1755) Reykjavik ISL 2025 1-0 (63)}) 10... c6 11. Qe2 a5 12. a3 Re8 $146 ({RR} 12... Nxe5 13. Bxe5 Nd7 14. Bb2 Bf6 15. e5 Be7 16. Kh1 a4 17. b4 c5 18. c3 Qc7 19. Nf3 cxb4 20. cxb4 Rfc8 21. Rac1 Qb6 22. Rfe1 Qa6 23. Bf1 Bg6 24. Nd4 Bd8 25. f4 Bb6 26. Rc2 Bxd4 27. Bxd4 {Benitez Galeano,A (1978)-Jodorcovsky Werjivker,P (2234) Asuncion 2017 1-0 (67)}) 13. Kh1 Bf8 14. f4 a4 15. b4 c5 16. Nxd7 Nxd7 17. b5 c4 18. dxc4 Rc8 19. Rac1 Nb6 20. cxd5 exd5 21. c4 dxe4 22. f5 Qd3 23. Qxd3 exd3 24. Bxb7 Rc7 25. Be4 Bc5 26. Rf3 Rce7 27. Rxd3 f6 28. Bd4 Bxd4 29. Rxd4 Rc7 30. c5 Re5 31. Bc6 Nc8 32. b6 Rxc6 33. b7 Rexc5 34. Rxc5 Rxc5 35. Rd8+ Kf7 36. Rxc8 1-0

[Event "Tata Steel India Blitz"]
[Site "Kolkata IND"]
[Date "2022.12.04"]
[Round "11.4"]
[White "Gukesh, D."]
[Black "Maghsoodloo, Parham"]
[Result "1-0"]
[WhiteElo "2725"]
[BlackElo "2719"]
[PlyCount "79"]
[EventDate "2022.12.03"]
[EventType "blitz"]

1. Nf3 c5 2. g3 Nc6 3. Bg2 g6 4. O-O Bg7 5. c4 a6 6. Nc3 Rb8 7. e3 b5 8. cxb5 axb5 9. d4 b4 10. Ne4 c4 $146 ({RR} 10... d6 11. dxc5 d5 12. Ned2 Nf6 13. Nd4 Qd7 14. N2b3 O-O 15. Nxc6 Qxc6 16. Qc2 Ba6 17. Rd1 Rfc8 18. Bd2 e5 19. Rdc1 Nd7 20. a3 bxa3 21. Rxa3 Bb5 22. Na5 Qe6 23. b4 Ra8 24. Qa2 e4 25. Bc3 {Szmetan,J (2390)-Iglesias,A (2215) Buenos Aires 1987 1-0 (40)}) ({RR} 10... cxd4 11. exd4 d5 12. Nc5 e6 13. Bg5 Nge7 14. Rc1 h6 15. Bxe7 Nxe7 16. Ne5 O-O 17. f4 Ra8 18. Qb3 Qa5 19. Rfd1 Ba6 20. Bh3 Bb5 21. Rd2 Qxa2 22. Qxb4 Qa5 23. Qxa5 Rxa5 24. Nb7 Ra6 25. Rc7 {Lobron,E (2520)-Velimirovic,D (2500) Sarajevo 1984 ½-½ (45)}) ({RR} 10... cxd4 11. Nxd4 Nxd4 12. exd4 Nf6 13. h4 Nxe4 14. Bxe4 O-O 15. h5 d5 16. Bb1 Bh3 17. Re1 Qd7 18. h6 Bf6 19. Bf4 Rb6 20. Bc2 Rc8 21. Rc1 Bg4 22. Qd2 Bf3 23. Qe3 Qg4 24. Bf5 Qxf5 25. Rxc8+ {Khamdamova,A (2140)-Tustanowski,R (2185) chess.com INT 2023 1-0}) 11. d5 Na5 12. Rb1 Nh6 13. Bd2 O-O 14. Qa4 Qb6 15. a3 Nb3 16. Bxb4 d6 17. Ned2 Nc5 18. Qc2 Nd3 19. Bc3 Ba6 20. Bxg7 Kxg7 21. Nxc4 Qb3 22. Qxb3 Rxb3 23. Na5 Rb6 24. b4 Rc8 25. Nc6 e5 26. Rfd1 Ng4 27. Rd2 Nf6 28. Ne1 e4 29. Nxd3 Bxd3 30. Rbd1 Bc4 31. Rd4 Bb3 32. Rb1 Bxd5 33. Ne7 Rc5 34. Rbd1 Bb3 35. bxc5 dxc5 36. Rd6 Rb7 37. Rb1 c4 38. Nd5 Nxd5 39. Rxd5 c3 40. Rc5 1-0

[Event "Tata Steel India Blitz"]
[Site "Kolkata IND"]
[Date "2022.12.04"]
[Round "12.1"]
[White "Nihal, Sarin"]
[Black "Vidit, S."]
[Result "1-0"]
[WhiteElo "2670"]
[BlackElo "2730"]
[PlyCount "71"]
[EventDate "2022.12.03"]
[EventType "blitz"]

1. Nf3 d5 2. e3 Nf6 3. c4 e6 4. Nc3 Bd6 5. b3 O-O 6. Bb2 Re8 7. d4 b6 8. Rc1 a6 ({RR} 8... Bb7 9. Bd3 Nbd7 10. O-O a6 11. Re1 Ne4 12. Qc2 f5 13. Ne2 c5 14. cxd5 exd5 15. Ba1 Qe7 16. Ng3 Qf8 17. Nh4 g6 18. Nf3 h6 19. Rcd1 Rac8 20. dxc5 bxc5 21. Ne2 Kh7 22. Nc3 Ndf6 23. h3 {Colbow,C (2422)-Boehme,S (2275) Karlsruhe GER 2025 ½-½ (58)}) 9. cxd5 exd5 10. g3 ({RR} 10. Bd3 Bb7 11. O-O Nbd7 12. Ne2 Ne4 13. Ng3 g6 14. Rc2 h5 15. Ne2 Qe7 16. Qa1 Rac8 17. Nf4 h4 18. h3 g5 19. Ne2 f6 20. a4 a5 21. Nc3 Nf8 22. Nd2 Kg7 23. Bxe4 dxe4 24. Nc4 Bb4 {Povshednyi,I (2685)-Oparin,G (2971) Chess.com 2024 0-1 (45)}) 10... Bg4 $146 ({RR} 10... Bb7 11. Bg2 Nbd7 12. O-O Qe7 13. Ne2 c5 14. Nf4 Rac8 15. Nh4 Bxf4 16. exf4 Bc6 17. Nf5 Qf8 18. a4 g6 19. Ne3 c4 20. bxc4 Qb4 21. Bc3 Qxa4 22. Qd2 Bb7 {1-0 (22) Ganguly,S (2578)-Kosakowski,J (2479) Samarkand UZB 2023}) 11. Bg2 Nbd7 12. O-O c6 13. Ne2 Rc8 14. h3 Bf5 15. Nf4 h6 16. Nd3 Be4 17. Qe2 c5 18. dxc5 bxc5 19. Rfd1 Qb6 20. Nd2 Bxg2 21. Kxg2 Qb7 22. Qf3 Ne4 23. Kg1 a5 24. Nxe4 Rxe4 25. Nf4 Bxf4 26. gxf4 f6 27. Qg4 Rce8 28. Qf5 Nb6 29. Rxc5 Kh8 30. Bd4 Qa6 31. Rdc1 Rg8 32. Rc6 Rxd4 33. exd4 Qb5 34. Qe6 Na8 35. Rc8 Qd3 36. Qxg8# 1-0

[Event "Tata Steel India Blitz"]
[Site "Kolkata IND"]
[Date "2022.12.04"]
[Round "17.2"]
[White "Praggnanandhaa, R."]
[Black "Gukesh, D."]
[Result "1-0"]
[WhiteElo "2684"]
[BlackElo "2725"]
[PlyCount "137"]
[EventDate "2022.12.03"]
[EventType "blitz"]

1. Nf3 d5 2. g3 g6 3. c4 dxc4 4. Na3 Bg7 5. Nxc4 Nc6 6. d3 e5 7. Bd2 Nge7 8. Bg2 O-O 9. Rc1 a5 10. O-O Be6 11. b3 f6 ({RR} 11... h6 12. Bc3 f6 13. e4 Qd7 14. d4 exd4 15. Nxd4 Nxd4 16. Qxd4 Qxd4 17. Bxd4 Rfd8 18. Bc3 a4 19. Na5 axb3 20. axb3 b6 21. e5 Nd5 22. Nc6 Nxc3 23. Rxc3 Re8 24. Ne7+ Kf7 25. Rxc7 Ra3 26. Nf5+ {Praggnanandhaa,R (2743)-Anuj,S (2396) chess.com INT 2024 1-0}) 12. a3 $146 ({RR} 12. Re1 Qd7 13. Qc2 Rfd8 14. Bc3 Nd5 15. Bd2 Bf8 16. h4 Ra6 17. a4 Ncb4 18. Qb1 c6 19. d4 e4 20. Nh2 b5 21. Nb2 f5 22. Nf1 Qf7 23. Nd1 Bg7 24. Nc3 bxa4 25. Nxa4 Bxd4 26. Nc5 Rb6 {Seeman,T (2386)-Le,Q (2714) Caleta 2019 0-1 (35)}) 12... Nd5 13. Qc2 Qd7 14. Qb1 Qe7 15. Rfd1 Rfd8 16. h3 Ra6 17. e4 Nb6 18. Be3 Nd7 19. a4 Raa8 20. d4 exd4 21. Nxd4 Nxd4 22. Bxd4 c6 23. Bb2 Bf8 24. Qa1 Bxc4 25. Rxc4 Ne5 26. Rcd4 Bg7 27. f4 Nf7 28. Kh2 Rxd4 29. Bxd4 Rd8 30. Bb6 Rxd1 31. Qxd1 Qb4 32. Bc7 Bf8 33. e5 fxe5 34. fxe5 Qe7 35. Bxa5 Qxe5 36. Qe1 Qxe1 37. Bxe1 Ne5 38. Be4 Bd6 39. Kg2 Kf7 40. Kf2 Ke6 41. Ke3 Nd7 42. Ke2 Nc5 43. Bc2 Kd5 44. g4 Ke6 45. Bc3 Be5 46. Bd2 Kd5 47. Kf3 Ne6 48. Bd1 Nd4+ 49. Ke3 c5 50. Kd3 Bc7 51. h4 Bd8 52. h5 gxh5 53. gxh5 Be7 54. Be3 b6 55. Bf4 Bf6 56. Bc7 Kc6 57. Bf4 Kd5 58. h6 Be7 59. Be3 Bf8 60. Bg4 Nxb3 61. Bf5 c4+ 62. Kc3 Nc5 63. Bxh7 Nxa4+ 64. Kc2 b5 65. Bg8+ Ke4 66. Bd2 Nb6 67. h7 Bg7 68. Bc3 Bxc3 69. Kxc3 1-0

[Event "Tata Steel India Blitz w"]
[Site "Kolkata IND"]
[Date "2022.12.04"]
[Round "10.5"]
[White "Koneru, H."]
[Black "Muzychuk, A."]
[Result "1-0"]
[WhiteElo "2572"]
[BlackElo "2522"]
[PlyCount "67"]
[EventDate "2022.12.03"]
[EventType "blitz"]

1. Nf3 c5 2. b3 Nf6 3. Bb2 g6 4. c4 Bg7 5. g3 O-O 6. Bg2 Nc6 7. O-O b6 8. d4 cxd4 9. Nxd4 Bb7 10. Nc3 Rc8 ({RR} 10... Qc8 11. Nc2 d6 12. e4 Rd8 13. Qe2 e6 14. Rfd1 a6 15. Rac1 Qc7 16. Ne3 Ne5 17. h3 Ned7 18. Ng4 Nxg4 19. hxg4 h6 20. Rd2 Rac8 21. Rcd1 b5 22. cxb5 Bxc3 23. Bxc3 Qxc3 24. Rxd6 Rc7 25. b6 {Kramnik,V (2783)-Svidler,P (2753) Flor/Fjaere 2014 1-0 (39)}) 11. Rc1 a6 12. e3 $146 ({RR} 12. Nxc6 Bxc6 13. e4 d6 14. Qe2 Qd7 15. Rfd1 e6 16. e5 Ne8 17. Bxc6 Qxc6 18. Na4 dxe5 19. Bxe5 Bxe5 20. Qxe5 b5 21. cxb5 Qxc1 22. Rxc1 Rxc1+ 23. Kg2 axb5 24. Qxb5 Nd6 25. Qe5 Nf5 26. Nc5 Rc8 {Materia,M (2471)-Idnani,T (1993) chess.com INT 2024 1-0 (45)}) 12... e6 13. Ba3 Re8 14. Bd6 Na5 15. Qe2 Bxg2 16. Kxg2 Nb7 17. Ba3 Nc5 18. Rfd1 Qc7 19. Qf3 Red8 20. b4 Nb7 21. b5 axb5 22. Be7 Qe5 23. Qxb7 Rb8 24. Qf3 Re8 25. Bxf6 Bxf6 26. Ndxb5 Red8 27. Ne4 Bg7 28. Ned6 f5 29. Nb7 Rdc8 30. Rxd7 Ra8 31. N7d6 Rf8 32. a3 g5 33. Rd1 Kh8 34. Nf7+ 1-0

[Event "70th ch-HUN 2022"]
[Site "Budapest HUN"]
[Date "2022.12.05"]
[Round "1.4"]
[White "Korpa, B."]
[Black "Horvath, Cs1"]
[Result "1-0"]
[WhiteElo "2500"]
[BlackElo "2502"]
[PlyCount "79"]
[EventDate "2022.12.05"]

1. Nf3 Nf6 2. g3 d6 3. Bg2 e5 4. O-O g6 5. d4 Nbd7 6. dxe5 dxe5 7. b3 Bg7 8. Ba3 e4 9. Ng5 $146 ({RR} 9. Nfd2 e3 10. Nc4 Ng4 11. f3 Bxa1 12. fxg4 Nb6 13. Qc1 Nxc4 14. bxc4 Be5 15. Bd5 f6 16. g5 Bf5 17. Qxe3 c6 18. gxf6 cxd5 19. Qxe5+ Kf7 20. g4 Be6 21. Nc3 Re8 22. Nxd5 Bxd5 23. Qe7+ Qxe7 {Martinez Rodriguez,P (2285)-Oratovsky,M (2495) Pontevedra 2015 0-1}) 9... h6 10. Nh3 c5 11. Qd6 a5 12. Nc3 Ra6 13. Qd2 O-O 14. Rad1 Qe7 15. Nf4 a4 16. b4 Nb6 17. b5 Nc4 18. Ncd5 Qe5 19. Qc3 Qxc3 20. Nxc3 Ra5 21. Bxc5 Re8 22. Rd4 Nb2 23. Bb4 Ra7 24. Ba3 Nd7 25. Rxe4 Rxe4 26. Nxe4 Nc4 27. Bb4 Ndb6 28. Rd1 Bd7 29. Nd5 Nxd5 30. Rxd5 Be6 31. Rd8+ Kh7 32. Be7 g5 33. Nf6+ Kg6 34. Rg8 b6 35. Bd8 Nd6 36. Bxb6 Re7 37. Bd4 Nxb5 38. Ba1 Nd6 39. g4 Bxa2 40. Nd5 1-0